00409 2200169 4500245004600000020001800046250001100064100002200075700001700097650001600114005001900130260003000149041001400179084000800193300002900201336000900230 aBittersweet LovecNetty VirgiantinihText a979-780-544-1 aCet. 1 aNetty Virgiantini aAditia Yudis aNovel Fiksi a20230110074207 aJakartabGagasMediac2012 aIndonesia a813 aviii, 244 hlm. :c19 cm. atext